|
|
|
|
| LEADER |
00000nam0a2200000 4500 |
| 001 |
268909 |
| 005 |
20231101234216.0 |
| 035 |
|
|
|a (RuTPU)RU\TPU\book\292065
|
| 035 |
|
|
|a RU\TPU\book\292063
|
| 090 |
|
|
|a 268909
|
| 100 |
|
|
|a 20140910d1914 k y0rusy50 ca
|
| 101 |
0 |
|
|a rus
|
| 102 |
|
|
|a RU
|
| 105 |
|
|
|a y z 000zy
|
| 200 |
1 |
|
|a Окраска смесей анилинов с ароматическими нитросоединениями
|e из химической лаборатории Лесного Института
|f Е. В. Бирон, О. М. Моргулева
|
| 210 |
|
|
|a Санкт-Петербург
|d 1914
|
| 215 |
|
|
|a с. 1598-1613
|
| 300 |
|
|
|a Оттиск из ЖРХО, т. 46. 1914 г.
|
| 300 |
|
|
|a Текст в русской дореформенной орфографии
|
| 606 |
1 |
|
|a Физическая химия
|2 stltpush
|3 (RuTPU)RU\TPU\subj\67669
|9 83390
|
| 610 |
1 |
|
|a коллекция ТПУ
|
| 610 |
1 |
|
|a труды учёных ТПУ
|
| 610 |
1 |
|
|a анилин
|
| 610 |
1 |
|
|a окраска
|
| 610 |
1 |
|
|a смеси
|
| 675 |
|
|
|a 544
|v 3
|
| 700 |
|
1 |
|a Бирон
|b Е. В.
|c российский химик, физикохимик
|c профессор физической химии Томского технологического института (1917-1919)
|f 1874-1919
|g Евгений Владиславович
|2 stltpush
|3 (RuTPU)RU\TPU\pers\19075
|
| 701 |
|
1 |
|a Моргулева
|b О. М.
|
| 801 |
|
1 |
|a RU
|b 63413507
|c 20140910
|
| 801 |
|
2 |
|a RU
|b 63413507
|c 20201126
|g RCR
|
| 942 |
|
|
|c BK
|